US Presidential Events Match-up Quiz Stats

 Plays Quiz Updated Sep 21, 2016

Score 0/43 Timer 10:00
1 Play Today
% Correct
Bush, George W.
97.1%
Obama, Barack
91.2%
Kennedy, John F.
86.8%
Lincoln, Abraham
83.6%
Truman, Harry S.
82.6%
Nixon, Richard
77.9%
Roosevelt, Franklin D.
77%
Clinton, Bill
76.7%
Bush, George H. W.
74.3%
Reagan, Ronald
74.1%
Wilson, Woodrow
72.2%
Hoover, Herbert
70.7%
Ford, Gerald
69.7%
Jefferson, Thomas
68.7%
Eisenhower, Dwight D.
64.1%
Harrison, William Henry
60.9%
Carter, Jimmy
58.2%
Madison, James
52.8%
Johnson, Lyndon B.
52.3%
Taft, William Howard
49.5%
Washington, George
43.4%
Harding, Warren G.
39.9%
% Correct
McKinley, William
36.1%
Adams, John
35.3%
Buchanan, James
34%
Van Buren, Martin
33.6%
Polk, James K.
33.1%
Fillmore, Millard
33%
Coolidge, Calvin
32.2%
Grant, Ulysses S.
31.6%
Johnson, Andrew
27.8%
Jackson, Andrew
25.8%
Monroe, James
21.5%
Pierce, Franklin
21%
Adams, John Quincy
17.6%
Arthur, Chester Alan
15.2%
Hayes, Rutherford B.
14.8%
Roosevelt, Theodore
14%
Harrison, Benjamin
12.7%
Tyler, John
10.7%
Garfield, James A.
10%
Cleveland, Grover
9%
Taylor, Zachary
6.8%

You're not logged in!

Compare scores with friends on all Sporcle quizzes.
OR
Log In

Show Comments

Extras

Top Quizzes Today


Score Distribution

Your Account Isn't Verified!

In order to create a playlist on Sporcle, you need to verify the email address you used during registration. Go to your Sporcle Settings to finish the process.

Report this User

Report this user for behavior that violates our Community Guidelines.

Details: